THE TEACHER'S GUIDE TO SEN (Record no. 215931)

MARC details
000 -LEADER
fixed length control field 00427nam a22001577a 4500
008 - FIXED-LENGTH DATA ELEMENTS--GENERAL INFORMATION
fixed length control field 250718b |||||||| |||| 00| 0 eng d
020 ## - INTERNATIONAL STANDARD BOOK NUMBER
International Standard Book Number 978-178583025-9
100 ## - MAIN ENTRY--PERSONAL NAME
Personal name PACKER, NATALIE
245 ## - TITLE STATEMENT
Title THE TEACHER'S GUIDE TO SEN
260 ## - PUBLICATION, DISTRIBUTION, ETC.
Place of publication, distribution, etc. CARMARTHEN
Name of publisher, distributor, etc. CROWN HOUSE
Date of publication, distribution, etc. 2017
300 ## - PHYSICAL DESCRIPTION
Extent V,175P.
500 ## - GENERAL NOTE
General note INCLUDES AN INDEX
650 ## - SUBJECT ADDED ENTRY
Topical term or geographic name entry element EDUCATION-CHILDREN WITH DISABILITIES
942 ## - ADDED ENTRY ELEMENTS (KOHA)
Source of classification or shelving scheme Library of Congress Classification
Koha item type Long Loan Book
Holdings
Withdrawn status Lost status Source of classification or shelving scheme Damaged status Not for loan Collection Home library Current library Shelving location Date acquired Inventory number Total checkouts Full call number Barcode Date last seen Copy number Price effective from Koha item type
    Library of Congress Classification     Arts & Social Sciences Kisii University Library Kisii University Library On Display 07/18/2025 109153   LC 3986 .G7P33 2017 000000024425 07/18/2025 1 07/18/2025 Long Loan Book
    Library of Congress Classification     Arts & Social Sciences Kisii University Library Kisii University Library On Display 01/06/2026 110778   LC 3986 .G7 P33 2017 000000016553 01/06/2026 2 01/06/2026 Long Loan Book
    Library of Congress Classification     Arts & Social Sciences Kisii University Library Kisii University Library On Display 01/06/2026 110779   LC 3986 .G7 P33 2017 000000002841 01/06/2026 3 01/06/2026 Long Loan Book
    Library of Congress Classification     Arts & Social Sciences Kisii University Library Kisii University Library On Display 01/06/2026 110780   LC 3986 .G7 P33 2017 000000002991 01/06/2026 4 01/06/2026 Long Loan Book
    Library of Congress Classification     Arts & Social Sciences Kisii University Library Kisii University Library On Display 01/06/2026 110781   LC 3986 .G7 P33 2017 000000002990 01/06/2026 5 01/06/2026 Long Loan Book
    Library of Congress Classification     Arts & Social Sciences Kisii University Library Kisii University Library On Display 01/06/2026 110782   LC 3986 .G7 P33 2017 000000002989 01/06/2026 6 01/06/2026 Long Loan Book